| 000 | 00867nam0a22002651 4500 | ||
|---|---|---|---|
| 001 | v19\rc\2014545 | ||
| 005 | 20260405175523.0 | ||
| 035 | _a(NLR Aleph) 005273004 | ||
| 090 |
_a6019246 _c6019246 |
||
| 100 | _a20080925d1902 |||y0rusy50 ca | ||
| 101 | 0 | _arus | |
| 102 | _aRU | ||
| 105 | _ay z |||c| | ||
| 200 | 1 |
_aГазеты и публика _e[Очерк соврем. прессы] _fАлексей Плетнев |
|
| 210 |
_aСанкт-Петербург _d1902 |
||
| 215 |
_a16 с. _d20 |
||
| 225 | 1 |
_aСеятель _vВып. 1 |
|
| 700 | 1 |
_8rus _7ca _aПлетнев _bА. П. _f1854-1934 _gАлексей Петрович _3RU\NLR\AUTH\7776582 _959510 |
|
| 801 | 2 |
_aRU _bNLR _c20090507 _2rusmarc |
|
| 801 | 0 |
_aRU _bNLR _c20080925 _gpsbo |
|
| 801 | 1 |
_aRU _bProSoft-M _c20080925 _2rusmarc |
|
| 852 |
_aNLR _j34.84.8.466 |
||
| 942 | _cBOOK | ||
| 980 | _aNB | ||